[Event "URU-ch (Women)"]
[Site "Montevideo"]
[Date "2024.03.30"]
[Round "7"]
[White "Altesor, Caterina"]
[Black "Costa, Milagros"]
[Result "1-0"]
[WhiteElo "1711"]
[BlackElo "1505"]
[PlyCount "95"]
[EventDate "2024.03.24"]
[EventType "tourn"]
[EventRounds "7"]
[EventCountry "URU"]
[SourceTitle "CB14_2024"]
[SourceDate "2024.04.01"]
[SourceVersion "1"]
[SourceVersionDate "2024.04.01"]
[SourceQuality "1"]

1. e4 e5 2. Nf3 Nc6 3. Bc4 Bc5 4. Nc3 Nf6 5. d3 0-0 6. h3 h6 7. 0-0 d6 8. Bd2 Kh8 9. Ne2 Nh7 10. Ng3 Ne7 11. Nh4 c6 12. Qe2 Qc7 13. c3 d5 14. Bb3 dxe4 15. dxe4 Ng6 16. Nxg6+ fxg6 17. Be3 Be7 18. Rad1 Nf6 19. Rfe1 h5 20. f3 h4 21. Nf1 Nh5 22. Qd2 a5 23. Bg5 Nf4 24. Bxe7 Qxe7 25. Ne3 a4 26. Bc2 Be6 27. Bb1 b5 28. Ng4 c5 29. Nxe5 Qg5 30. Ng4 Bxg4 31. hxg4 h3 32. g3 h2+ 33. Qxh2+ Nh5 34. gxh5 gxh5 35. Rd5 Qf6 36. Rxh5+ Kg8 37. f4 Qb6 38. e5 Rad8 39. Rh8+ Kf7 40. Qh5+ Ke7 41. Qg5+ Kd7 42. Qxg7+ Kc8 43. Rxf8 Rxf8 44. Qxf8+ Kb7 45. Be4+ Ka6 46. Qa8+ Qa7 47. Qxa7+ Kxa7 48. e6 1-0

[Event "URU-ch (Women)"]
[Site "Montevideo"]
[Date "2024.03.29"]
[Round "6"]
[White "Fabra, Nahiara"]
[Black "Altesor, Caterina"]
[Result "0-1"]
[WhiteElo "1815"]
[BlackElo "1711"]
[PlyCount "106"]
[EventDate "2024.03.24"]
[EventType "tourn"]
[EventRounds "7"]
[EventCountry "URU"]
[SourceTitle "CB14_2024"]
[SourceDate "2024.04.01"]
[SourceVersion "1"]
[SourceVersionDate "2024.04.01"]
[SourceQuality "1"]

1. e4 e5 2. Nf3 Nc6 3. Bc4 Bc5 4. c3 Nf6 5. d3 h6 6. Nbd2 d6 7. Bb3 0-0 8. 0-0 Bg4 9. h3 Bh5 10. Re1 Nh7 11. Nf1 Qf6 12. Ng3 Bxf3 13. Qxf3 Qxf3 14. gxf3 Ne7 15. Be3 Bb6 16. Kg2 Kh8 17. Rg1 f5 18. Be6 f4 19. Bxb6 axb6 20. Nf5 Nxf5 21. Bxf5 Rf6 22. Bxh7 Kxh7 23. Kh2 Rg6 24. Rgd1 Re6 25. d4 g5 26. a4 Kg6 27. Kg2 Kf7 28. d5 Rg6 29. b4 Rgg8 30. c4 Ke7 31. Rd3 Ra6 32. a5 Rga8 33. Rda3 Kd7 34. Kf1 bxa5 35. Rxa5 Rxa5 36. bxa5 Ra6 37. Ke2 b6 38. Kd3 Rxa5 39. Rxa5 bxa5 40. c5 dxc5 41. Kc4 a4 42. Kc3 Kd6 43. Kb2 c4 44. Kc3 a3 45. Kc2 c6 46. dxc6 Kxc6 47. Kc3 Kc5 48. Kc2 Kd4 49. Kb1 c3 50. Kc1 Kd3 51. Kb1 c2+ 52. Kc1 Kc3 53. h4 a2 0-1

[Event "URU-ch (Women)"]
[Site "Montevideo"]
[Date "2024.03.26"]
[Round "3"]
[White "Altesor, Caterina"]
[Black "Quevedo, Andreina"]
[Result "1/2-1/2"]
[WhiteElo "1711"]
[BlackElo "1857"]
[PlyCount "140"]
[EventDate "2024.03.24"]
[EventType "tourn"]
[EventRounds "7"]
[EventCountry "URU"]
[SourceTitle "CB14_2024"]
[SourceDate "2024.04.01"]
[SourceVersion "1"]
[SourceVersionDate "2024.04.01"]
[SourceQuality "1"]

1. e4 d6 2. d4 Nf6 3. Nc3 e5 4. dxe5 dxe5 5. Qxd8+ Kxd8 6. Bg5 h6 7. 0-0-0+ Bd6 8. Bxf6+ gxf6 9. Nge2 Be6 10. Ng3 Nd7 11. Be2 Bc5 12. f3 c6 13. a3 a5 14. Nh5 Ke7 15. Ng7 b5 16. Nxe6 fxe6 17. Rd3 Bd4 18. Nb1 Nc5 19. Rdd1 Be3+ 20. Nd2 Rhd8 21. Rhe1 Bg5 22. g3 h5 23. f4 exf4 24. Nf3 fxg3+ 25. Nxg5 fxg5 26. hxg3 h4 27. gxh4 gxh4 28. Rh1 Rxd1+ 29. Kxd1 Rh8 30. Bf3 Nd7 31. b4 a4 32. Kd2 Ne5 33. Be2 Kd6 34. Ke3 Ng6 35. Rh2 Ke5 36. c4 Nf4 37. Bf1 bxc4 38. Bxc4 h3 39. Bf1 Rg8 40. Kf3 Rd8 41. Rc2 Rd1 42. Ba6 h2 43. Rxh2 Ra1 44. Rc2 Rxa3+ 45. Kg4 Nd3 46. b5 cxb5 47. Bxb5 Kxe4 48. Rc4+ Ke3 49. Rxa4 Rxa4+ 50. Bxa4 e5 51. Bc6 Kd4 52. Kf3 Nb4 53. Be4 Nd3 54. Bc6 Nb4 55. Be4 Nd5 56. Bxd5 Kxd5 57. Ke3 Ke6 58. Ke4 Kf6 59. Ke3 Kf5 60. Kf3 e4+ 61. Ke2 Kf4 62. Kf2 Ke5 63. Ke3 Kd5 64. Ke2 Kd4 65. Kd2 e3+ 66. Ke1 Ke4 67. Ke2 Kf4 68. Ke1 Kf3 69. Kf1 e2+ 70. Ke1 Ke4 1/2-1/2